000
00280nam a2200109Ia 4500
008
200302s9999 xx 000 0 und d
100
_a
Yu-Tung Liu
245
_a
Developing digital architecture 2002 feidad award
260
_b
Birkhauser Verlag Gmbh
260
_c
2003
300
_a
213
999
_c
6753
_d
6753